El monje que vendió su ferrari : (Record no. 197723)

MARC details
000 -CABECERA
campo de control de longitud fija 00478nam a2200157 u 4500
005 - FECHA Y HORA DE LA ÚLTIMA TRANSACCIÓN
campo de control 20210219163607.0
008 - ELEMENTOS DE LONGITUD FIJA--INFORMACIÓN GENERAL
campo de control de longitud fija 180620s2004 r 000 0 eng d
020 ## - NÚMERO INTERNACIONAL NORMALIZADO PARA LIBROS
Número Internacional Estándar del Libro 9789685163354
035 ## - NÚMERO DE CONTROL DEL SISTEMA
Número de control de sistema UPN01000225627
100 1# - ASIENTO PRINCIPAL--NOMBRE PERSONAL
Nombre de persona Sharma, Robin S.,
Fechas asociadas al nombre 1964-
245 13 - MENCIÓN DE TÍTULO
Título El monje que vendió su ferrari :
Resto del título una fábula espiritual,
Mención de responsabilidad, etc. Robin S. Sharma.
260 ## - PUBLICACIÓN, DISTRIBUCIÓN, ETC.
Lugar de publicación, distribución, etc. México :
Nombre del editor, distribuidor, etc. Cuántica Activa Audiolibros,
Fecha de publicación, distribución, etc. 2004.
300 ## - DESCRIPCIÓN FÍSICA
Extensión 2 CD-ROOM
905 ## - TIPO DE MATERIAL
Tipo de material Audiovisual
Holdings
Estado de retiro Estado de pérdida Fuente del sistema de clasificación o colocación Estado dañado No para préstamo Código de colección Localización permanente Ubicación/localización actual Ubicación en estantería Total de préstamos Código de barras Fecha visto por última vez Número de copia Tipo de ítem Koha
    Library of Congress Classification     Colección General Bib. Gregorio Torres Quintero Bib. Gregorio Torres Quintero Planta baja   325835 31/12/2020 1 Formato Digital